Nommer 20 personnages de One Piece puissants grâce aux images - Statistiques

Statistiques générales
  • Ce quiz a été pris 90 fois
  • Le résultat moyen est 19 sur 20
Statistiques - réponses
Par images Réponse % Correct
Barbe Noire
100%
Monkey D Luffy
100%
Shanks
100%
Barbe Blanche
99%
Imu
99%
Monkey D Dragon
99%
Monkey D Garp
99%
Gol D Roger
97%
Joy Boy
97%
Kaido
97%
Kozuki Oden
97%
Rocks D Xebec
97%
Mihawk
96%
Silvers Rayleigh
96%
Loki
94%
Ryuma
92%
Shiki
91%
Scopper Gaban
90%
Garling
86%
Harald
75%
Aucun quiz correspondant
Distribution des résultats
% des personnes avec chaque résultat
Percentile par nombre de réponses
Votre historique - résultats
Vous n’avez pas pris ce quiz